| 000 | 00692nam a2200181 u 4500 | ||
|---|---|---|---|
| 001 | 000252785 | ||
| 003 | AM-YeHGA | ||
| 005 | 20250618071709.0 | ||
| 008 | 030807s1900 ru r 000 0 arm d | ||
| 040 | _aAM-YeHGA | ||
| 100 | 1 |
_aԱհարոնյան, Ավետիս Առաքելի, _d1866-1948 _91814 |
|
| 245 | 1 | 0 |
_aՊատկերներ : _b(Վերջին տարիների տաճկահայոց կեանքից) / _cԱ. Ահարոնեան. |
| 260 |
_aՄոսկուա : _bտպ. Վառվառէ Գատցուկի, _c1900. |
||
| 300 |
_a338 էջ ; _c18 սմ. |
||
| 650 | 1 | 4 |
_aՀայ գրականություն _xՊատմվածք |
| 700 | 1 |
_aՔանանյան, Վառվառե _eհրատ. _4pbl |
|
| 090 | _c92015 | ||
| 999 |
_c90722 _d90722 |
||